Missing Word: What Movies? Quiz Stats

Quiz Updated Oct 16, 2014

Challenge
Share
Tweet
Embed
Score 0/12 Timer 02:00
1 Play Today
Movie Missing Word % Correct
I Know What You ___ Last SummerDid
99.6%
What Women ____Want
97.7%
What ____ of Mother Are You?Kind
94.4%
What ____ BeneathLies
93.3%
What Happens in _____Vegas
85.9%
Just ____ Me What You WantTell
85.6%
What a _____ WantsGirl
83.3%
What ______ Bob?About
76%
Guess What We _______ in School TodayLearned
72.5%
She ____ What She WantsGets
65.4%
What Ever Happened to ____ Jane?Baby
57%
I Know What I ___Saw
29.7%

Today's Daily Dose

You're not logged in!

Compare scores with friends on all Sporcle quizzes.
Join for Free
OR
Log In

You Might Also Like...

Show Comments

Extras

Top Quizzes Today


Score Distribution

Your Account Isn't Verified!

In order to create a playlist on Sporcle, you need to verify the email address you used during registration. Go to your Sporcle Settings to finish the process.

Report this User

Report this user for behavior that violates our Community Guidelines.

Details: